Revolúcia sa nekoná
Štart novej vlády - sto dní vlády Smeru-SD ukazuje, že budovaniu sociálneho štátu budú nadradené iné ciele.
Uložené v:
| Hlavný autor: | |
|---|---|
| Ďalší autori: | , |
| Médium: | Kapitola |
| Jazyk: | Slovak |
| Predmet: | |
| Tagy: |
Žiadne tagy, Buďte prvý, kto otaguje tento záznam!
|
MARC
| LEADER | 00000naa a2200000 4500 | ||
|---|---|---|---|
| 001 | 0157258 | ||
| 005 | 20231113075855.8 | ||
| 041 | 0 | |a slo | |
| 044 | |a SK | ||
| 245 | 1 | 0 | |a Revolúcia sa nekoná |c Pavel Sibyla, Martin Jaroš, Ján Záborský |
| 520 | |a Štart novej vlády - sto dní vlády Smeru-SD ukazuje, že budovaniu sociálneho štátu budú nadradené iné ciele. | ||
| 610 | 2 | 0 | |a vláda |
| 610 | 2 | 0 | |a štát sociálny |
| 610 | 2 | 0 | |a Slovensko |
| 100 | 1 | |a Sibyla, Pavel | |
| 700 | 1 | |a Jaroš, Martin | |
| 700 | 1 | |a Záborský, Ján | |